[Event "Stay Safe Play From Home 328"]
[Site "Mustafa Kemal Atatürk"]
[Date "2020.07.24"]
[Round "1"]
[White "Mepe_Nika"]
[Black "Stefanone"]
[Result "1-0"]
[WhiteElo "2398"]
[BlackElo "2019"]
[PlyCount "61"]
[EventDate "2020.07.24"]
[EventType "swiss (blitz)"]

1. d4 {[%emt 0:00:01]} d6 {[%emt 0:00:00]} 2. Bf4 {[%emt 0:00:00]} Nd7 {[%emt 0:00:01]} 3. e3 {[%emt 0:00:01]} g6 {[%emt 0:00:00]} 4. Nf3 {[%emt 0:00:01]} Bg7 {[%emt 0:00:00]} 5. h3 {[%emt 0:00:00]} c6 {[%emt 0:00:00]} 6. Be2 {[%emt 0:00:01]} Qc7 {[%emt 0:00:00]} 7. Bh2 {[%emt 0:00:01]} e5 {[%emt 0:00:00]} 8. O-O {[%emt 0:00:01]} Ne7 {[%emt 0:00:01]} 9. c4 {[%emt 0:00:01]} O-O {[%emt 0:00:01]} 10. Nc3 {[%emt 0:00:00]} f5 {[%emt 0:00:01]} 11. b4 {[%emt 0:00:01]} f4 {[%emt 0:00:01]} 12. b5 {[%emt 0:00:03]} a6 {[%emt 0:00:03]} 13. a4 {[%emt 0:00:02]} axb5 {[%emt 0:00:01]} 14. axb5 {[%emt 0:00:00]} Rxa1 {[%emt 0:00:00]} 15. Qxa1 {[%emt 0:00:00]} Nf6 {[%emt 0:00:05]} 16. bxc6 {[%emt 0:00:01]} bxc6 {[%emt 0:00:01]} 17. c5 {[%emt 0:00:02]} e4 {[%emt 0:00:03]} 18. cxd6 {[%emt 0:00:02]} Qxd6 {[%emt 0:00:00]} 19. Bxf4 {[%emt 0:00:01]} Qb4 {[%emt 0:00:02]} 20. Ne5 {[%emt 0:00:01]} Ned5 {[%emt 0:00:04]} 21. Nxd5 {[%emt 0:00:02]} Nxd5 {[%emt 0:00:00]} 22. Rb1 {[%emt 0:00:01]} Qd2 {[%emt 0:00:02]} 23. Bc4 {[%emt 0:00:01]} Be6 {[%emt 0:00:02]} 24. Bxd5 {[%emt 0:00:01]} Bxd5 {[%emt 0:00:01]} 25. Qb2 {[%emt 0:00:00]} Qa5 {[%emt 0:00:02]} 26. Qb7 {[%emt 0:00:01]} Bxe5 {[%emt 0:00:03]} 27. Bxe5 {[%emt 0:00:01]} Rf7 {[%emt 0:00:00]} 28. Qc8+ {[%emt 0:00:02]} Rf8 {[%emt 0:00:01]} 29. Qd7 {[%emt 0:00:02]} Rf7 {[%emt 0:00:01]} 30. Rb8+ {[%emt 0:00:02]} Rf8 {[%emt 0:00:02]} 31. Qg7# {[%emt 0:00:01] (Lag: Av=0.31s, max=0.8s)} 1-0

[Event "Stay Safe Play From Home 328"]
[Site "Mustafa Kemal Atatürk"]
[Date "2020.07.24"]
[Round "1"]
[White "Little champs"]
[Black "Edmatuag"]
[Result "1-0"]
[WhiteElo "2321"]
[BlackElo "1668"]
[PlyCount "51"]
[EventDate "2020.07.24"]
[EventType "swiss (blitz)"]

1. d4 {[%emt 0:00:02]} d6 {[%emt 0:00:01]} 2. e3 {[%emt 0:00:00]} c6 {[%emt 0:00:02]} 3. Nf3 {[%emt 0:00:00]} Nd7 {[%emt 0:00:03]} 4. Be2 {[%emt 0:00:00]} Qc7 {[%emt 0:00:01]} 5. O-O {[%emt 0:00:00]} g6 {[%emt 0:00:01]} 6. c4 {[%emt 0:00:00]} Bg7 {[%emt 0:00:00]} 7. b3 {[%emt 0:00:00]} e5 {[%emt 0:00:01]} 8. Bb2 {[%emt 0:00:00]} Ne7 {[%emt 0:00:03]} 9. Nc3 {[%emt 0:00:01]} O-O {[%emt 0:00:01]} 10. d5 {[%emt 0:00:01]} f5 {[%emt 0:00:02]} 11. Ng5 {[%emt 0:00:02]} Nf6 {[%emt 0:00:06]} 12. Ne6 {[%emt 0:00:01]} Bxe6 {[%emt 0:00:02]} 13. dxe6 {[%emt 0:00:00]} d5 {[%emt 0:00:03]} 14. cxd5 {[%emt 0:00:01]} Nfxd5 {[%emt 0:00:01]} 15. Nxd5 {[%emt 0:00:02]} Nxd5 {[%emt 0:00:02]} 16. Rc1 {[%emt 0:00:00]} Qe7 {[%emt 0:00:07]} 17. Bc4 {[%emt 0:00:14]} Qxe6 {[%emt 0:00:01]} 18. Bxd5 {[%emt 0:00:01]} Qxd5 {[%emt 0:00:03]} 19. Qxd5+ {[%emt 0:00:01]} cxd5 {[%emt 0:00:00]} 20. Rc7 {[%emt 0:00:01]} Rf7 {[%emt 0:00:01]} 21. Rfc1 {[%emt 0:00:01]} Raf8 {[%emt 0:00:03]} 22. Ba3 {[%emt 0:00:00]} Rb8 {[%emt 0:00:06]} 23. Rxf7 {[%emt 0:00:02]} Kxf7 {[%emt 0:00:00]} 24. Rc7+ {[%emt 0:00:01]} Kg8 {[%emt 0:00:00]} 25. Bd6 {[%emt 0:00:01]} Bf6 {[%emt 0:00:08] '} 26. g3 {[%emt 0:00:07] (Lag: Av=0.74s, max=1.8s)} 1-0

[Event "Stay Safe Play From Home 328"]
[Site "Mustafa Kemal Atatürk"]
[Date "2020.07.24"]
[Round "1"]
[White "Lamborghini"]
[Black "Mandy"]
[Result "1-0"]
[WhiteElo "2195"]
[BlackElo "901"]
[Annotator "NA"]
[PlyCount "31"]
[EventDate "2020.07.24"]
[EventType "swiss (blitz)"]

1. e4 {[%emt 0:00:11]} c6 {[%emt 0:00:02]} 2. d4 {[%emt 0:00:01]} d5 {[%emt 0:00:01]} 3. Nc3 {[%emt 0:00:00]} Nf6 {[%emt 0:00:02]} 4. e5 {[%emt 0:00:01]} Ng8 {[%emt 0:00:14]} 5. f4 {[%emt 0:00:01]} e6 {[%emt 0:00:01]} 6. Nf3 {[%emt 0:00:01]} Bb4 {[%emt 0:00:03]} 7. Bd2 {[%emt 0:00:01]} Ne7 {[%emt 0:00:03]} 8. a3 {[%emt 0:00:13]} Bxc3 {[%emt 0:00:03]} 9. Bxc3 {[%emt 0:00:01]} O-O {[%emt 0:00:02]} 10. Bd3 {[%emt 0:00:01]} f5 {[%emt 0:00:05]} 11. exf6 {[%emt 0:00:01]} gxf6 {[%emt 0:00:02]} 12. Qe2 {[%emt 0:00:01]} Nf5 {[%emt 0:00:07]} 13. O-O-O {[%emt 0:00:20]} Nh4 {[%emt 0:00:02]} 14. Nxh4 {[%emt 0:00:01]} Bd7 {[%emt 0:00:03]} 15. Qh5 {[%emt 0:00:01]} Na6 {[%emt 0:00:04]} 16. Qxh7# {[%emt 0:00:01] (Lag: Av=0.48s, max=0.7s)} 1-0

[Event "Stay Safe Play From Home 328"]
[Site "Mustafa Kemal Atatürk"]
[Date "2020.07.24"]
[Round "1"]
[White "SelamiSahin"]
[Black "Lazieri3"]
[Result "1-0"]
[WhiteElo "2024"]
[BlackElo "2117"]
[PlyCount "137"]
[EventDate "2020.07.24"]
[EventType "swiss (blitz)"]

1. d4 {[%emt 0:00:02]} c6 {[%emt 0:00:00]} 2. c4 {[%emt 0:00:01]} d5 {[%emt 0:00:00]} 3. Nc3 {[%emt 0:00:00]} Nf6 {[%emt 0:00:01]} 4. Nf3 {[%emt 0:00:01]} Bf5 {[%emt 0:00:00]} 5. Bf4 {[%emt 0:00:01]} e6 {[%emt 0:00:01]} 6. e3 {[%emt 0:00:01]} Bd6 {[%emt 0:00:01]} 7. Bxd6 {[%emt 0:00:01]} Qxd6 {[%emt 0:00:00]} 8. cxd5 {[%emt 0:00:01]} exd5 {[%emt 0:00:01]} 9. Bd3 {[%emt 0:00:00]} Bxd3 {[%emt 0:00:02]} 10. Qxd3 {[%emt 0:00:00]} O-O {[%emt 0:00:01]} 11. Ne5 {[%emt 0:00:00]} Nbd7 {[%emt 0:00:01]} 12. Nxd7 {[%emt 0:00:01]} Qxd7 {[%emt 0:00:00]} 13. O-O {[%emt 0:00:00]} Rfe8 {[%emt 0:00:01]} 14. a3 {[%emt 0:00:01]} h6 {[%emt 0:00:01]} 15. b4 {[%emt 0:00:01]} a6 {[%emt 0:00:00]} 16. a4 {[%emt 0:00:01]} Ne4 {[%emt 0:00:02]} 17. Nxe4 {[%emt 0:00:02]} Rxe4 {[%emt 0:00:00]} 18. Rfb1 {[%emt 0:00:01]} f5 {[%emt 0:00:02]} 19. b5 {[%emt 0:00:01]} axb5 {[%emt 0:00:00]} 20. axb5 {[%emt 0:00:01]} Rxa1 {[%emt 0:00:00]} 21. Rxa1 {[%emt 0:00:00]} f4 {[%emt 0:00:01]} 22. bxc6 {[%emt 0:00:02]} bxc6 {[%emt 0:00:00]} 23. Ra8+ {[%emt 0:00:04]} Kf7 {[%emt 0:00:01]} 24. Qa6 {[%emt 0:00:11]} Re7 {[%emt 0:00:02]} 25. Qe2 {[%emt 0:00:05]} fxe3 {[%emt 0:00:02]} 26. fxe3 {[%emt 0:00:00]} Qf5 {[%emt 0:00:04]} 27. Ra1 {[%emt 0:00:03]} Kg8 {[%emt 0:00:01]} 28. Rf1 {[%emt 0:00:01]} Qe6 {[%emt 0:00:01]} 29. Rf3 {[%emt 0:00:01]} Rf7 {[%emt 0:00:01]} 30. h3 {[%emt 0:00:01]} Rxf3 {[%emt 0:00:01]} 31. Qxf3 {[%emt 0:00:00]} Qd6 {[%emt 0:00:01]} 32. g3 {[%emt 0:00:02]} c5 {[%emt 0:00:01]} 33. dxc5 {[%emt 0:00:01]} Qxc5 {[%emt 0:00:00]} 34. Kg2 {[%emt 0:00:00]} Qc2+ {[%emt 0:00:01]} 35. Qf2 {[%emt 0:00:01]} Qe4+ {[%emt 0:00:01]} 36. Qf3 {[%emt 0:00:00]} Qe6 {[%emt 0:00:00]} 37. Qf4 {[%emt 0:00:01]} Kh7 {[%emt 0:00:01]} 38. g4 {[%emt 0:00:00]} Qe7 {[%emt 0:00:05]} 39. Kg3 {[%emt 0:00:00]} g6 {[%emt 0:00:02]} 40. h4 {[%emt 0:00:01]} Qe6 {[%emt 0:00:02]} 41. Qd4 {[%emt 0:00:01]} Qd6+ {[%emt 0:00:01]} 42. Qf4 {[%emt 0:00:00]} Qe7 {[%emt 0:00:03]} 43. Qd4 {[%emt 0:00:01]} h5 {[%emt 0:00:02]} 44. gxh5 {[%emt 0:00:01]} Qd6+ {[%emt 0:00:02]} 45. Qf4 {[%emt 0:00:00]} Qxf4+ {[%emt 0:00:01]} 46. Kxf4 {[%emt 0:00:00]} gxh5 {[%emt 0:00:00]} 47. Kg5 {[%emt 0:00:00]} Kg7 {[%emt 0:00:02]} 48. Kxh5 {[%emt 0:00:00]} Kf6 {[%emt 0:00:00]} 49. Kg4 {[%emt 0:00:01]} Ke5 {[%emt 0:00:01]} 50. Kf3 {[%emt 0:00:01]} Kf5 {[%emt 0:00:01]} 51. Kg3 {[%emt 0:00:00]} Ke4 {[%emt 0:00:01]} 52. Kf2 {[%emt 0:00:01]} Kf5 {[%emt 0:00:01]} 53. Kf3 {[%emt 0:00:00]} Ke5 {[%emt 0:00:01]} 54. h5 {[%emt 0:00:00]} Kf5 {[%emt 0:00:01]} 55. h6 {[%emt 0:00:00]} Kg6 {[%emt 0:00:00]} 56. Kf4 {[%emt 0:00:00]} d4 {[%emt 0:00:00]} 57. exd4 {[%emt 0:00:01]} Kxh6 {[%emt 0:00:01]} 58. Ke5 {[%emt 0:00:00]} Kg7 {[%emt 0:00:00]} 59. Ke6 {[%emt 0:00:01]} Kf8 {[%emt 0:00:00]} 60. Kd7 {[%emt 0:00:00]} Kf7 {[%emt 0:00:01]} 61. d5 {[%emt 0:00:00]} Kf6 {[%emt 0:00:00]} 62. d6 {[%emt 0:00:00]} Ke5 {[%emt 0:00:00]} 63. Kc7 {[%emt 0:00:00]} Kd5 {[%emt 0:00:01]} 64. d7 {[%emt 0:00:00]} Ke6 {[%emt 0:00:00]} 65. d8=Q {[%emt 0:00:00]} Kf5 {[%emt 0:00:00]} 66. Qd6 {[%emt 0:00:00]} Ke4 {[%emt 0:00:00]} 67. Qc6+ {[%emt 0:00:00]} Kf5 {[%emt 0:00:00]} 68. Qb5+ {[%emt 0:00:00]} Ke4 {[%emt 0:00:01]} 69. Qb6 {[%emt 0:00:00] Time (Lag: Av=0.85s, max=1.4s)} 1-0

[Event "Stay Safe Play From Home 328"]
[Site "Mustafa Kemal Atatürk"]
[Date "2020.07.24"]
[Round "1"]
[White "Greblha"]
[Black "Capaeuwekhine"]
[Result "1-0"]
[WhiteElo "1914"]
[BlackElo "1647"]
[Annotator "NA"]
[PlyCount "89"]
[EventDate "2020.07.24"]
[EventType "swiss (blitz)"]

1. e4 {[%emt 0:00:01]} e6 {[%emt 0:00:01]} 2. Qe2 {[%emt 0:00:02]} d5 {[%emt 0:00:01]} 3. exd5 {[%emt 0:00:01]} Qxd5 {[%emt 0:00:01]} 4. Nc3 {[%emt 0:00:00]} Qd8 {[%emt 0:00:01]} 5. g3 {[%emt 0:00:01]} Nc6 {[%emt 0:00:01]} 6. Bg2 {[%emt 0:00:00]} Nf6 {[%emt 0:00:01]} 7. Nf3 {[%emt 0:00:01]} Be7 {[%emt 0:00:00]} 8. O-O {[%emt 0:00:01]} O-O {[%emt 0:00:00]} 9. d3 {[%emt 0:00:00]} Bd7 {[%emt 0:00:01]} 10. Bg5 {[%emt 0:00:00]} h6 {[%emt 0:00:01]} 11. Bxf6 {[%emt 0:00:00]} Bxf6 {[%emt 0:00:01]} 12. Rab1 {[%emt 0:00:01]} Re8 {[%emt 0:00:01]} 13. Ne4 {[%emt 0:00:01]} e5 {[%emt 0:00:01]} 14. Nfd2 {[%emt 0:00:03]} Bf5 {[%emt 0:00:03]} 15. Nxf6+ {[%emt 0:00:01]} Qxf6 {[%emt 0:00:02]} 16. Ne4 {[%emt 0:00:01]} Bxe4 {[%emt 0:00:02]} 17. Bxe4 {[%emt 0:00:01]} Nd4 {[%emt 0:00:01]} 18. Qd1 {[%emt 0:00:03]} c6 {[%emt 0:00:01]} 19. c3 {[%emt 0:00:01]} Ne6 {[%emt 0:00:01]} 20. Qh5 {[%emt 0:00:02]} Ng5 {[%emt 0:00:04]} 21. Bg2 {[%emt 0:00:02]} Qg6 {[%emt 0:00:05]} 22. Qxg6 {[%emt 0:00:01]} fxg6 {[%emt 0:00:01]} 23. h4 {[%emt 0:00:00]} Ne6 {[%emt 0:00:01]} 24. f4 {[%emt 0:00:01]} exf4 {[%emt 0:00:01]} 25. gxf4 {[%emt 0:00:01]} Rf8 {[%emt 0:00:01]} 26. f5 {[%emt 0:00:01]} Rxf5 {[%emt 0:00:02]} 27. Bh3 {[%emt 0:00:01]} Rxf1+ {[%emt 0:00:03]} 28. Rxf1 {[%emt 0:00:00]} Nc5 {[%emt 0:00:01]} 29. d4 {[%emt 0:00:01]} Nd3 {[%emt 0:00:04]} 30. Be6+ {[%emt 0:00:00]} Kh7 {[%emt 0:00:02]} 31. Rf7 {[%emt 0:00:00]} Re8 {[%emt 0:00:02]} 32. Bc4 {[%emt 0:00:01]} Nxb2 {[%emt 0:00:01]} 33. Rxb7 {[%emt 0:00:02]} Nxc4 {[%emt 0:00:02]} 34. Rxa7 {[%emt 0:00:00]} Nd2 {[%emt 0:00:02]} 35. Rc7 {[%emt 0:00:00]} Re2 {[%emt 0:00:02]} 36. Rf7 {[%emt 0:00:02]} Ne4 {[%emt 0:00:03]} 37. Kf1 {[%emt 0:00:02]} Rxa2 {[%emt 0:00:02]} 38. Re7 {[%emt 0:00:02]} Nxc3 {[%emt 0:00:00]} 39. Kg1 {[%emt 0:00:01]} Nd5 {[%emt 0:00:00]} 40. Re5 {[%emt 0:00:01]} Rd2 {[%emt 0:00:00]} 41. Re1 {[%emt 0:00:01]} Rxd4 {[%emt 0:00:01]} 42. Kf1 {[%emt 0:00:01]} Rxh4 {[%emt 0:00:00]} 43. Kg2 {[%emt 0:00:01]} Rh2+ {[%emt 0:00:00]} 44. Kxh2 {[%emt 0:00:01]} Nf4 {[%emt 0:00:01]} 45. Kg1 {[%emt 0:00:01] (Lag: Av=0.55s, max=1.0s)} 1-0

[Event "Stay Safe Play From Home 328"]
[Site "Mustafa Kemal Atatürk"]
[Date "2020.07.24"]
[Round "1"]
[White "Padmaesh M K"]
[Black "BrainThinker22"]
[Result "0-1"]
[WhiteElo "1732"]
[BlackElo "2398"]
[Annotator "NA"]
[PlyCount "50"]
[EventDate "2020.07.24"]
[EventType "swiss (blitz)"]

1. Nf3 {[%emt 0:00:02]} d5 {[%emt 0:00:00]} 2. g3 {[%emt 0:00:01]} e6 {[%emt 0:00:00]} 3. Bg2 {[%emt 0:00:03]} c5 {[%emt 0:00:00]} 4. c4 {[%emt 0:00:02]} Nc6 {[%emt 0:00:00]} 5. cxd5 {[%emt 0:00:01]} exd5 {[%emt 0:00:00]} 6. d4 {[%emt 0:00:01]} Nf6 {[%emt 0:00:00]} 7. dxc5 {[%emt 0:00:01]} Bxc5 {[%emt 0:00:00]} 8. O-O {[%emt 0:00:01]} h6 {[%emt 0:00:00]} 9. Nc3 {[%emt 0:00:00]} Be6 {[%emt 0:00:00]} 10. Bf4 {[%emt 0:00:01]} O-O {[%emt 0:00:01]} 11. Na4 {[%emt 0:00:01]} Bd6 {[%emt 0:00:01]} 12. Bxd6 {[%emt 0:00:03]} Qxd6 {[%emt 0:00:00]} 13. Nc3 {[%emt 0:00:01]} d4 {[%emt 0:00:02]} 14. Nb5 {[%emt 0:00:02]} Qb4 {[%emt 0:00:01]} 15. Nbxd4 {[%emt 0:00:01]} Qxb2 {[%emt 0:00:01]} 16. Rb1 {[%emt 0:00:01]} Qxa2 {[%emt 0:00:01]} 17. Rxb7 {[%emt 0:00:01]} Nxd4 {[%emt 0:00:03]} 18. Nxd4 {[%emt 0:00:03]} Bd5 {[%emt 0:00:03]} 19. Bxd5 {[%emt 0:00:03]} Qxd5 {[%emt 0:00:00]} 20. Rb2 {[%emt 0:00:01]} Rfd8 {[%emt 0:00:02]} 21. Rd2 {[%emt 0:00:01]} Ne4 {[%emt 0:00:02]} 22. Rd3 {[%emt 0:00:02]} Ng5 {[%emt 0:00:06]} 23. Nf3 {[%emt 0:00:01]} Nxf3+ {[%emt 0:00:01]} 24. Kg2 {[%emt 0:00:01]} Ne1+ {[%emt 0:00:05]} 25. Kg1 {[%emt 0:00:05]} Qg2# {[%emt 0:00:01] (Lag: Av=0.45s, max=0.7s)} 0-1

[Event "Stay Safe Play From Home 328"]
[Site "Mustafa Kemal Atatürk"]
[Date "2020.07.24"]
[Round "1"]
[White "Meini"]
[Black "Oznog"]
[Result "0-1"]
[WhiteElo "1525"]
[BlackElo "1759"]
[Annotator "NA"]
[PlyCount "54"]
[EventDate "2020.07.24"]
[EventType "swiss (blitz)"]

1. d4 {[%emt 0:00:07]} Nf6 {[%emt 0:00:01]} 2. Bf4 {[%emt 0:00:04]} c5 {[%emt 0:00:00]} 3. e3 {[%emt 0:00:01]} e6 {[%emt 0:00:01]} 4. c3 {[%emt 0:00:01]} cxd4 {[%emt 0:00:01]} 5. exd4 {[%emt 0:00:02]} d5 {[%emt 0:00:01]} 6. Nf3 {[%emt 0:00:00]} Bd6 {[%emt 0:00:01]} 7. Bxd6 {[%emt 0:00:01]} Qxd6 {[%emt 0:00:02]} 8. Bd3 {[%emt 0:00:00]} O-O {[%emt 0:00:01]} 9. O-O {[%emt 0:00:00]} Nc6 {[%emt 0:00:01]} 10. Nbd2 {[%emt 0:00:01]} a6 {[%emt 0:00:00]} 11. Qc2 {[%emt 0:00:02]} b5 {[%emt 0:00:02]} 12. Rae1 {[%emt 0:00:02]} Bb7 {[%emt 0:00:03]} 13. Ne5 {[%emt 0:00:01]} Rac8 {[%emt 0:00:01]} 14. Nxc6 {[%emt 0:00:02]} Rxc6 {[%emt 0:00:02]} 15. Re5 {[%emt 0:00:04]} b4 {[%emt 0:00:02]} 16. f4 {[%emt 0:00:05]} bxc3 {[%emt 0:00:01]} 17. bxc3 {[%emt 0:00:02]} Rfc8 {[%emt 0:00:00]} 18. Nb1 {[%emt 0:00:08]} Ng4 {[%emt 0:00:13]} 19. Re2 {[%emt 0:00:03]} Nf6 {[%emt 0:00:05]} 20. f5 {[%emt 0:00:03]} Ng4 {[%emt 0:00:07]} 21. g3 {[%emt 0:00:02]} exf5 {[%emt 0:00:04]} 22. Bxf5 {[%emt 0:00:02]} Nf6 {[%emt 0:00:00]} 23. Ref2 {[%emt 0:00:02]} Re8 {[%emt 0:00:02]} 24. Bxh7+ {[%emt 0:00:01]} Nxh7 {[%emt 0:00:02]} 25. Rxf7 {[%emt 0:00:01]} Nf6 {[%emt 0:00:05]} 26. Qf5 {[%emt 0:00:02]} Qxg3+ {[%emt 0:00:00]} 27. hxg3 {[%emt 0:00:02]} Re1 {[%emt 0:00:00] Zeit (Lag: Av=0.58s, max=0.7s)} 0-1

[Event "Stay Safe Play From Home 328"]
[Site "Mustafa Kemal Atatürk"]
[Date "2020.07.24"]
[Round "1"]
[White "Klasman"]
[Black "SoulofWolf"]
[Result "0-1"]
[WhiteElo "1348"]
[BlackElo "2183"]
[Annotator "NA"]
[PlyCount "42"]
[EventDate "2020.07.24"]
[EventType "swiss (blitz)"]

1. f4 {[%emt 0:00:04]} c5 {[%emt 0:00:01]} 2. e3 {[%emt 0:00:01]} e6 {[%emt 0:00:00]} 3. c4 {[%emt 0:00:02]} a6 {[%emt 0:00:00]} 4. Nf3 {[%emt 0:00:01]} Nf6 {[%emt 0:00:01]} 5. d4 {[%emt 0:00:02]} cxd4 {[%emt 0:00:00]} 6. exd4 {[%emt 0:00:02]} b6 {[%emt 0:00:00]} 7. Nc3 {[%emt 0:00:01]} Bb7 {[%emt 0:00:00]} 8. Bd3 {[%emt 0:00:03]} Be7 {[%emt 0:00:02]} 9. Be3 {[%emt 0:00:01]} Nc6 {[%emt 0:00:00]} 10. O-O {[%emt 0:00:02]} Qc7 {[%emt 0:00:00]} 11. Ne5 {[%emt 0:00:02]} O-O {[%emt 0:00:01]} 12. g4 {[%emt 0:00:02]} Nxe5 {[%emt 0:00:04]} 13. fxe5 {[%emt 0:00:02]} Qc6 {[%emt 0:00:06]} 14. d5 {[%emt 0:00:07]} Nxd5 {[%emt 0:00:00]} 15. cxd5 {[%emt 0:00:02]} exd5 {[%emt 0:00:00]} 16. Bd4 {[%emt 0:00:03]} d6 {[%emt 0:00:04]} 17. Qf3 {[%emt 0:00:02]} dxe5 {[%emt 0:00:04]} 18. Bxe5 {[%emt 0:00:03]} Bc5+ {[%emt 0:00:01]} 19. Kg2 {[%emt 0:00:05]} Rae8 {[%emt 0:00:01]} 20. Qf5 {[%emt 0:00:09]} g6 {[%emt 0:00:03]} 21. Qf6 {[%emt 0:00:02]} Qxf6 {[%emt 0:00:01] Time (Lag: Av=0.40s, max=1.1s)} 0-1

[Event "Stay Safe Play From Home 328"]
[Site "Mustafa Kemal Atatürk"]
[Date "2020.07.24"]
[Round "2"]
[White "BrainThinker22"]
[Black "Greblha"]
[Result "1-0"]
[WhiteElo "2399"]
[BlackElo "1920"]
[Annotator "NA"]
[PlyCount "91"]
[EventDate "2020.07.24"]
[EventType "swiss (blitz)"]

1. e4 {[%emt 0:00:01]} c6 {[%emt 0:00:00]} 2. d4 {[%emt 0:00:01]} d5 {[%emt 0:00:00]} 3. exd5 {[%emt 0:00:00]} cxd5 {[%emt 0:00:01]} 4. c4 {[%emt 0:00:00]} Nf6 {[%emt 0:00:02]} 5. Nc3 {[%emt 0:00:00]} Nc6 {[%emt 0:00:01]} 6. Nf3 {[%emt 0:00:00]} Be6 {[%emt 0:00:00]} 7. cxd5 {[%emt 0:00:01]} Bxd5 {[%emt 0:00:01]} 8. Bb5 {[%emt 0:00:04]} e6 {[%emt 0:00:01]} 9. O-O {[%emt 0:00:01]} Bd6 {[%emt 0:00:01]} 10. h3 {[%emt 0:00:01]} O-O {[%emt 0:00:01]} 11. Be3 {[%emt 0:00:00]} a6 {[%emt 0:00:01]} 12. Bd3 {[%emt 0:00:01]} b5 {[%emt 0:00:01]} 13. a3 {[%emt 0:00:01]} Na5 {[%emt 0:00:01]} 14. Nxd5 {[%emt 0:00:03]} Nxd5 {[%emt 0:00:01]} 15. Bg5 {[%emt 0:00:01]} Be7 {[%emt 0:00:01]} 16. Bxe7 {[%emt 0:00:02]} Qxe7 {[%emt 0:00:01]} 17. Rc1 {[%emt 0:00:00]} Rfc8 {[%emt 0:00:01]} 18. b4 {[%emt 0:00:07]} Nc4 {[%emt 0:00:02]} 19. Bxc4 {[%emt 0:00:02]} bxc4 {[%emt 0:00:01]} 20. Ne5 {[%emt 0:00:01]} c3 {[%emt 0:00:01]} 21. Qd3 {[%emt 0:00:01]} f6 {[%emt 0:00:01]} 22. Nc4 {[%emt 0:00:01]} Nf4 {[%emt 0:00:02]} 23. Qe4 {[%emt 0:00:03]} e5 {[%emt 0:00:04]} 24. Nb6 {[%emt 0:00:03]} f5 {[%emt 0:00:04]} 25. Qf3 {[%emt 0:00:06]} Qc7 {[%emt 0:00:03]} 26. Nxa8 {[%emt 0:00:02]} Rxa8 {[%emt 0:00:01]} 27. Qxa8+ {[%emt 0:00:01]} Kf7 {[%emt 0:00:01]} 28. dxe5 {[%emt 0:00:01]} Ne2+ {[%emt 0:00:01]} 29. Kh1 {[%emt 0:00:01]} Nxc1 {[%emt 0:00:01]} 30. Rxc1 {[%emt 0:00:00]} Qxe5 {[%emt 0:00:01]} 31. Qf3 {[%emt 0:00:01]} c2 {[%emt 0:00:02]} 32. Rxc2 {[%emt 0:00:02]} Qe1+ {[%emt 0:00:01]} 33. Kh2 {[%emt 0:00:00]} Qe5+ {[%emt 0:00:01]} 34. Qg3 {[%emt 0:00:00]} f4 {[%emt 0:00:00]} 35. Qf3 {[%emt 0:00:00]} g5 {[%emt 0:00:01]} 36. Rc6 {[%emt 0:00:01]} h6 {[%emt 0:00:04]} 37. Qh5+ {[%emt 0:00:01]} Ke7 {[%emt 0:00:02]} 38. Qxh6 {[%emt 0:00:01]} f3+ {[%emt 0:00:01]} 39. g3 {[%emt 0:00:00]} Qe1 {[%emt 0:00:02]} 40. Qxg5+ {[%emt 0:00:01]} Kd7 {[%emt 0:00:01]} 41. Qd5+ {[%emt 0:00:00]} Ke8 {[%emt 0:00:01]} 42. Rc8+ {[%emt 0:00:01]} Ke7 {[%emt 0:00:01]} 43. Rc7+ {[%emt 0:00:01]} Kf6 {[%emt 0:00:00]} 44. Rf7+ {[%emt 0:00:01]} Kg6 {[%emt 0:00:01]} 45. Qf5+ {[%emt 0:00:00]} Kh6 {[%emt 0:00:01]} 46. Rh7# {[%emt 0:00:00] (Lag: Av=0.43s, max=0.9s)} 1-0